World of tanks blitz: France - Statistics

General Stats
  • This quiz has been taken 10 times
    9 since last reset
  • The average score is 20 of 46
Answer Stats
Tier Type Tank % Correct
10 medium AMX 30 B
71%
4 heavy B1
71%
7 light AMX 13 75
57%
8 light AMX 13 90
57%
2 medium AMX 38
57%
4 medium AMX 40
57%
8 heavy AMX 50 100
57%
9 heavy AMX 50 120
57%
10 heavy AMX 50 B
57%
2 light D1
57%
9 td Foch
57%
10 td Foch 155
57%
8 medium Lorraine 40 t
57%
1 medium R35
57%
4 td SAu 40
57%
7 light AMX 13 57
43%
8 td AMX CDA 105
43%
5 light AMX ELC Bis
43%
8 heavy AMX M4 49
43%
10 heavy AMX M4 Mle. 54
43%
6 heavy ARL 44
43%
6 td ARL V39
43%
10 light B-C 25 t
43%
9 light B-C 25 t AP
43%
8 medium B-C Bourrasque
43%
5 heavy BDR G1 B
43%
3 heavy D2
43%
2 td FT AC
43%
9 heavy Lorraine 50 t
43%
8 medium M4A1 Rev.
43%
5 heavy Renault G1
43%
8 heavy Somua SM
43%
3 td UE 57
43%
6 light AMX 12 t
29%
9 medium AMX 30 1er Prot.
29%
7 td AMX AC 46
29%
8 td AMX AC 48
29%
8 medium AMX CDC
29%
7 heavy AMX M4 45
29%
8 medium A.P. AMX 30
29%
6 medium Bretagne Panther
29%
3 td FCM36Pak40
29%
8 medium FCM 50 t
29%
5 td S35 CA
29%
9 medium Char Futur 4
14%
8 medium Lorraine Fearless
14%
No matching quizzes found
Score Distribution
Percent of People with Each Score
Percentile by Number Answered
Your Score History
You have not taken this quiz since the last reset